000 00881nam a2200313Ia 4500
003 OSt
005 20220912150237.0
006 a|||||r|||| 00| 0
007 ta
008 220909b |||||||| |||| 00| 0 eng d
020 _a0130800171 (pbk)
024 _a5580
037 _bN R,
037 _cTextual
040 _aCSL
_beng
_cCSL
041 _aeng
082 _aG:6, N9
100 _aKlug William S
245 0 _aEssentials of genetics
250 _aEd 3
260 _aUpper Saddle River,New Jersey Prentice Hall
_bPrentice Hall
_c1999
300 _axviii,567p
500 _aIncludes bibliographical references; Appendix 519-527p; Glossary 529-545p; Index 551-567p
650 _a Genetics
650 _aBiology
700 _a Cummings Michael R
942 _hG:6, N9
_cTEXL
_2CC
999 _c42827
_d42827